Tuyển tập truyện ngắn Hải Phòng (1955-1995)
Tuyển tập các truyện ngắn của các nhà văn Hải Phòng năm 1955-1995.
Đã lưu trong:
| Tác giả chính: | |
|---|---|
| Định dạng: | Sách |
| Năm xuất bản: |
Hải Phòng
Nxb Hải Phòng; Hội Liên hiệp văn học nghệ thuật
1995
|
| Chủ đề: | |
| Tags: |
Thêm thẻ
Không có thẻ, Hãy là người đầu tiên gắn thẻ bản ghi này!
|
| LEADER | 00944nam a2200181 4500 | ||
|---|---|---|---|
| 082 | |a 895.922 334 |b T 527 t | ||
| 100 | |a Lưu Văn Khuê | ||
| 245 | |a Tuyển tập truyện ngắn Hải Phòng (1955-1995) |c Lưu Văn Khuê, Chu Văn Mười, Phùng Văn Ong tuyển chọn | ||
| 260 | |a Hải Phòng |b Nxb Hải Phòng; Hội Liên hiệp văn học nghệ thuật |c 1995 | ||
| 300 | |a 394tr. |c 19cm | ||
| 500 | |a Nội dung: Trên cao/Vũ Hữu Ái. Những bức ảnh thờ/ Đỗ An. Bách thú/ Diệp Minh Châu... | ||
| 520 | |a Tuyển tập các truyện ngắn của các nhà văn Hải Phòng năm 1955-1995. | ||
| 653 | |a Văn học hiện đại | ||
| 653 | |a Việt Nam | ||
| 653 | |a Truyện ngắn | ||
| 942 | |2 ddc |c STK0 | ||
| 999 | |c 3063 |d 3063 | ||
| 952 | |0 0 |1 0 |2 ddc |4 0 |6 895_922000000000000_334_T_527_T |7 0 |8 800 |9 35018 |a qbu |b qbu |c D5 |d 2014-12-15 |g 30000 |o 895.922 334 T 527 t |p 1301.C1 |r 0000-00-00 |w 2014-12-15 |y STK0 |0 0 |6 895_922000000000000_334_T_527_ | ||